[Event "Canadian op"]
[Site "Edmonton"]
[Date "2005.07.17"]
[Round "10"]
[White "Wang, Hao Yuan"]
[Black "Reuter, Gerhard"]
[Result "0-1"]
[WhiteElo "1271"]
[BlackElo "1749"]
[PlyCount "66"]
[EventDate "2005.07.09"]
[EventType "swiss"]
[EventRounds "10"]
[EventCountry "CAN"]
[SourceTitle "CBM 107 Extra"]
[Source "ChessBase"]
[SourceDate "2005.09.01"]
[SourceVersion "1"]
[SourceVersionDate "2005.09.01"]
[SourceQuality "1"]

1. d4 Nf6 2. c4 c5 3. d5 d6 4. Nc3 e6 5. e4 exd5 6. cxd5 g6 7. Bg5 Bg7 8. Qd2 Nbd7 9. Bd3 Ne5 10. Be2 h6 11. Bh4 0-0 12. h3 g5 13. Bg3 Re8 14. f4 gxf4 15. Qxf4 Bd7 16. a4 Nh5 17. Qe3 Nxg3 18. Qxg3 Ng6 19. Bd3 Be5 20. Qf2 Bd4 21. Qg3 Qh4 22. Nge2 Qxg3+ 23. Nxg3 Nf4 24. Bf1 f5 25. Bd3 Nxd3+ 26. Kd2 Nxb2 27. Rhe1 Bf2 28. Rf1 Bxg3 29. exf5 Re5 30. f6 Bf5 31. Nb5 Rxd5+ 32. Ke3 Rd3+ 33. Ke2 Re8# 0-1

[Event "Canadian op"]
[Site "Edmonton"]
[Date "2005.07.15"]
[Round "8"]
[White "Reuter, Gerhard"]
[Black "Raymer, Elliot"]
[Result "0-1"]
[WhiteElo "1749"]
[BlackElo "1574"]
[PlyCount "90"]
[EventDate "2005.07.09"]
[EventType "swiss"]
[EventRounds "10"]
[EventCountry "CAN"]
[SourceTitle "CBM 107 Extra"]
[Source "ChessBase"]
[SourceDate "2005.09.01"]
[SourceVersion "1"]
[SourceVersionDate "2005.09.01"]
[SourceQuality "1"]

1. f4 Nf6 2. Nf3 e6 3. g3 d5 4. Bg2 Be7 5. 0-0 0-0 6. d3 b6 7. e4 dxe4 8. Ng5 Bc5+ 9. Kh1 Bb7 10. Nc3 Nc6 11. Ngxe4 Nxe4 12. Nxe4 Be7 13. Be3 Kh8 14. Qe2 Nd4 15. Bxd4 Qxd4 16. c3 Qd7 17. d4 Rac8 18. Rad1 Rfd8 19. Ng5 Bxg2+ 20. Qxg2 Bxg5 21. fxg5 c5 22. Qf3 Qa4 23. Qxf7 Qxa2 24. Rf2 Qb3 25. Rdf1 Qd5+ 26. Kg1 Qd6 27. Qxa7 cxd4 28. Rd1 Qc5 29. Rxd4 Rxd4 30. cxd4 Qxd4 31. Qb7 Rf8 32. Qg2 Kg8 33. h4 g6 34. g4 Rxf2 35. Qxf2 Qd1+ 36. Kh2 Qxg4 37. Qg3 Qxg3+ 38. Kxg3 e5 39. Kf3 Kf7 40. Ke4 Ke6 41. b3 b5 42. b4 Kd6 43. h5 gxh5 44. Kf5 Kd5 45. g6 hxg6+ 0-1

[Event "Canadian op"]
[Site "Edmonton"]
[Date "2005.07.13"]
[Round "6"]
[White "Reuter, Gerhard"]
[Black "Hendon, Lee"]
[Result "1-0"]
[WhiteElo "1749"]
[BlackElo "1544"]
[PlyCount "91"]
[EventDate "2005.07.09"]
[EventType "swiss"]
[EventRounds "10"]
[EventCountry "CAN"]
[SourceTitle "CBM 107 Extra"]
[Source "ChessBase"]
[SourceDate "2005.09.01"]
[SourceVersion "1"]
[SourceVersionDate "2005.09.01"]
[SourceQuality "1"]

1. f4 d5 2. Nf3 c5 3. g3 Nf6 4. Bg2 Nc6 5. e3 Bg4 6. d3 Qb6 7. h3 Bd7 8. 0-0 e6 9. Nc3 Bd6 10. d4 Qa6 11. Qe2 Qxe2 12. Nxe2 0-0 13. Ne5 Be8 14. Bd2 Nd7 15. c4 Nb6 16. cxd5 Nxd5 17. Rac1 b6 18. a3 f6 19. Nxc6 Bxc6 20. b4 Bb5 21. Rfe1 cxb4 22. Bxb4 Rac8 23. Nc3 Nxc3 24. Bxc3 Rc7 25. Bd2 Rfc8 26. Ra1 a6 27. Bf1 Bxf1 28. Kxf1 Rc2 29. Red1 Ra8 30. Ke1 Kf7 31. Rdc1 Rxc1+ 32. Rxc1 Ke7 33. Ke2 Kd7 34. Kd3 Ra7 35. e4 h6 36. e5 Be7 37. g4 Rc7 38. Ra1 Ra7 39. f5 Ra8 40. Ke4 Ra7 41. fxe6+ Kxe6 42. d5+ Kd7 43. e6+ Ke8 44. Rc1 a5 45. Rc8+ Bd8 46. d6 1-0